000 02938cab a2200277 ab4500
005 20230614104919.0
008 991125c2014 sp qr p o 000 0 spa d
035 _aUPN01000212892
040 _aMX-MxUPN
_bspa
_cMX-MxUPN
_eaacr2
049 _aART-E
100 1 _aGarcía Ruiz, María José
100 1 _umjgarcia@edu.uned.es
100 1 _aLlorent Bedmar, Vicente
245 0 0 _aUn elemento de prolongado consenso en la política educativa española: la acción educativa de España en el exterior
_h[recurso electrónico en línea]
506 0 _aAcceso abierto
520 3 _aLas perspectivas teóricas del posmodernismo y el poscolonialismo son muy críticas con las acciones de proyección lingüística y cultural llevadas a cabo por emblemáticas instituciones como l’Alliance Française, el Goethe Institut, el British Council y el Instituto Cervantes. No obstante, estas instituciones no solo realizan una labor académicamente excelente, sino que desarrollan una acción encomiable e insustituible en la construcción de sociedades multiculturales y plurilingües reclamadas por la actual era de la globalización. La acción educativa de España en el exterior constituye uno de los elementos más sólidos del precario consenso existente en la sociedad española en política educativa. Dicha política está articulada por un desarrollo normativo coherente y continuado conformado por aportaciones de los dos partidos políticos mayoritarios de nuestro país. La acción educativa de España en el exterior está vertebrada por un conjunto de centros de tipología diversa que poseen la característica común de desarrollar una educación de gran excelencia. Las enseñanzas que vertebran la docencia en el exterior tienen la virtud de difundir la excelencia del patrimonio cultural y lingüístico español. El personal docente español que realiza su labor en el exterior revela unos conocimientos, unas aptitudes y una motivación y disponibilidad que no están presentes en igual medida en la media de los docentes de nuestro país que no participan en estos programas. Se puede concluir que, si las pruebas PISA se hubieran elaborado a partir de nuestros alumnos del exterior, la posición de España en el ranking de países de PISA habría sido muy diferente. La excelencia de la tarea y de los resultados de la acción educativa en el exterior requiere una difusión y una presencia en el debate educativo de la sociedad española muy superiores a los que posee en el presente. Revista de educación
653 0 _aPlurilingüísmo
653 0 _aEnseñanza en el exterior
653 0 _aPosmodernismo
653 0 _aMulticulturalidad
773 _gNo. 363 (2014), p. 360-383
_tRevista de educación
_x1988-592X
856 4 _uhttp://www.mecd.gob.es/dctm/revista-de-educacion/articulos363/re36315.pdf?documentId=0901e72b817fcfbd
902 _bLeonor Sotres/140623
905 _aArticulo
942 _cART-E
999 _c184992
_d184992